000 00566nam a2200181 a 4500
005 20210223132155.0
008 130911s2009 mx r 000 0 spa d
020 _a9788498265255
035 _aUPN01000192814
049 _aCG
050 4 _aPQ6615 E7.6
_bR5.5
100 1 _aRiquelme, Jesucristo
_934505
245 1 0 _aMiguel Hérnandez :
_bun poeta para espíritus jóvenes /
_cJesucristo Riquelme.
260 _aMadrid :
_bECIR,
_c[2009].
300 _a173 p. :
_bil.
600 1 4 _aHERNANDEZ, MIGUEL,
_d1910-1942 -
_xCRITICA E INTERPRETACION
_922548
905 _aLibro
999 _c164916
_d164916